|
|
|
|
| LEADER |
00000nas a2200000 c 4500 |
| 001 |
ssj0000392705 |
| 003 |
WaSeSS |
| 005 |
20200512172242.0 |
| 006 |
m d |
| 007 |
cr n |
| 008 |
100913c20109999nyuuu p s | a0eng c |
| 010 |
|
|
|a 2010256061
|
| 016 |
7 |
|
|a 2570874-0
|2 DE-600
|
| 016 |
7 |
|
|a 019265085
|2 Uk
|
| 022 |
|
|
|a 2090-2034
|
| 035 |
|
|
|a (WaSeSS)ssj0000392705
|
| 040 |
|
|
|a UV0
|b eng
|e pn
|c UV0
|d RBN
|d HEBIS
|d CUS
|d OCLCQ
|d OCLCF
|d OCLCO
|d OCLCQ
|d DLC
|d AU@
|d VT2
|d UKMGB
|d WaSeSS
|
| 042 |
|
|
|a pcc
|
| 050 |
0 |
0 |
|a QD146
|
| 245 |
0 |
0 |
|a International journal of inorganic chemistry
|h [electronic resource].
|
| 246 |
3 |
|
|a IJIC
|
| 260 |
|
|
|a New York, NY :
|b Hindawi Pub. Corp.,
|c 2010-
|
| 362 |
1 |
|
|a Began with Vol. 2008, article ID 906851.
|
| 506 |
|
|
|a License restrictions may limit access.
|
| 515 |
|
|
|a Articles added intermittently throughout the year, grouped by year, with each article also assigned an article ID no.
|
| 588 |
|
|
|a Description based on: Vol. 2008, article ID 906851; title from journal home page (Hindawi Web Site, viewed Sept. 14, 2010).
|
| 588 |
|
|
|a Latest issue consulted: Vol. 2016 (2016), article ID 3415690 (publisher Web Site viewed Oct. 19, 2016).
|
| 650 |
|
0 |
|a Chemistry, Inorganic
|v Periodicals.
|
| 650 |
|
7 |
|a Chemistry, Inorganic.
|2 fast
|0 (OCoLC)fst00853488
|
| 655 |
|
0 |
|a Electronic journals.
|
| 710 |
2 |
|
|a Hindawi Publishing Corporation.
|
| 776 |
0 |
8 |
|i Print version:
|t International journal of inorganic chemistry
|x 2090-2026
|
| 780 |
0 |
0 |
|t Research letters in inorganic chemistry (Online)
|x 1687-6814
|w (DLC) 2008203075
|w (OCoLC)244482725
|
| 850 |
|
|
|a DLC
|
| 856 |
4 |
0 |
|z Full text available from Research Library: 01/01/2014 to 01/31/2017
|u https://search.proquest.com/publication/2037456
|